000 00717nam a2200289Ia 4500
005 20260324143831.0
008 008 260324s9999 xx 000 0 eng d
020 _a9780080510729
037 _aEBOOK
040 _aCRL
040 _beng
040 _cCRL
041 _2eng
041 _aeng
084 _qCRL
100 _aNorman Badler; David Zeltzer; Brian Barsky
_91217098
245 0 _aMaking Them Move
245 0 _bMechanics, Control & Animation of Articulated Figures
260 _bTaylor and Francis
260 _c1990
365 _a
365 _b205
856 _uhttp://www.taylorfrancis.com/books/9780080510729
942 _cEBOOK
999 _c1822958
_d1822958